01014nam a2200253 i 4500001001000000003000900010005001700019007000300036008004100039040003000080082002500110100004400135245008800179246012400267250002200391264005300413300003900466336002700505337003300532338002800565650000900593651008400602651007400686000026891DO-SdBNP20260521112339.0ta110328s1985 dr c r 000 0 spa d aDO-SdBNPbspacBNPHUerda 4a972.93054bG861d2231 aGrimaldi, Víctor,d1949-eautor4aut.13aEl diario secreto de la intervención norteamericana de 1965 /cVíctor Grimaldi.14aEl diario secreto de la intervención norteamericana de 1965bbasado en los archivos personales del presidente Johnson aPrimera edición 4aSanto Domingo :bEditora Amigo del Hogar.c1985. a306 páginas :bretratos ;c23 cm atextobtxt2rdacontent asin mediaciónbn2rdamedia avolumenbnc2rdacarrier 72Lemb 72LembaRepública Dominicanav xHistoriayOcupación norteamerica, 1965 -1966 72República DominicanavFuentesyOcupación norteamerica, 1965 -1966